|
|
|
|
| LEADER |
00000cam a22000004a 4500 |
| 001 |
musev2_79239 |
| 003 |
MdBmJHUP |
| 005 |
20230905052151.0 |
| 006 |
m o d |
| 007 |
cr||||||||nn|n |
| 008 |
170523s1968 miu o 00 0 eng d |
| 020 |
|
|
|a 9781951519353
|
| 020 |
|
|
|z 9781949098129
|
| 035 |
|
|
|a (OCoLC)1273306247
|
| 040 |
|
|
|a MdBmJHUP
|c MdBmJHUP
|
| 100 |
1 |
|
|a Montet-White, Anta,
|d 1933-
|
| 245 |
1 |
4 |
|a The Lithic Industries of the Illinois Valley in the Early and Middle Woodland Period
|
| 264 |
|
1 |
|a Ann Arbor,
|b University of Michigan,
|c 1968.
|
| 264 |
|
3 |
|a Baltimore, Md. :
|b Project MUSE,
|c 2021
|
| 264 |
|
4 |
|c ©1968.
|
| 300 |
|
|
|a 1 online resource (200 pages):
|b illustrations
|
| 336 |
|
|
|a text
|b txt
|2 rdacontent
|
| 337 |
|
|
|a computer
|b c
|2 rdamedia
|
| 338 |
|
|
|a online resource
|b cr
|2 rdacarrier
|
| 490 |
0 |
|
|a Museum of Anthropology, University of Michigan. Anthropological papers, no. 35
|
| 500 |
|
|
|a "Original version ... submitted to the University of Bordeaux, France, as a doctorial dissertation."
|
| 588 |
|
|
|a Description based on print version record.
|
| 650 |
|
7 |
|a SOCIAL SCIENCE / General
|2 bisacsh
|
| 650 |
|
7 |
|a Industrie lithique
|z États-Unis
|z Illinois (États-Unis)
|2 ram
|
| 650 |
|
7 |
|a Indiens
|z États-Unis
|z Illinois (États-Unis)
|x Instruments.
|2 ram
|
| 650 |
|
7 |
|a Indians of North America
|x Implements.
|2 fast
|0 (OCoLC)fst00969793
|
| 650 |
|
7 |
|a Arrowheads.
|2 fast
|0 (OCoLC)fst01198481
|
| 650 |
|
7 |
|a Antiquities.
|2 fast
|0 (OCoLC)fst00810745
|
| 650 |
|
6 |
|a Pointes de fleche.
|
| 650 |
|
6 |
|a Indiens d'Amerique
|z Illinois
|x Instruments.
|
| 650 |
|
0 |
|a Arrowheads
|z Illinois.
|
| 650 |
|
0 |
|a Indians of North America
|x Implements
|z Illinois.
|
| 651 |
|
7 |
|a Illinois (États-Unis)
|x Antiquites.
|2 ram
|
| 651 |
|
7 |
|a Illinois.
|2 fast
|0 (OCoLC)fst01205143
|
| 651 |
|
6 |
|a Illinois
|x Antiquites.
|
| 651 |
|
0 |
|a Illinois
|x Antiquities.
|
| 655 |
|
7 |
|a Electronic books.
|2 local
|
| 710 |
2 |
|
|a Project Muse.
|e distributor
|
| 830 |
|
0 |
|a Book collections on Project MUSE.
|
| 856 |
4 |
0 |
|z Texto completo
|u https://projectmuse.uam.elogim.com/book/79239/
|
| 945 |
|
|
|a Project MUSE - Custom Collection
|